banner-ar

دراسات فى علم الاجتماع السياسى / (Record no. 46415)

MARC details
000 -الفاتح
حقل البيانات ثابتة الطول 00540nam a2200169Ia 4500
008 - عناصر البيانات ثابتة الطول - معلومات عامة
حقل البيانات ثابتة الطول 140319s9999 xx 000 0 ara d
040 ## - مصدر الفهرسة
وكالة الفهرسة الأصلية GCL /
وكالة النسخ GCL
082 04 - رقم تصنيف ديوى العشرى
رقم التصنيف 301.1552
رقم المادة ع د
100 1# - المدخل الرئيسى - إسم شخصى
الإسم الشخصى عبدالهادى الجوهرى
245 10 - بيان العنوان
العنوان دراسات فى علم الاجتماع السياسى /
بيان المسئوليه,etc عبدالهادى الجوهرى
300 ## - الوصف المادى
التعداد 217 ص
490 ## - بيان السلسلة
عنوان السلسلة علم الاجتماع المعاصر
رقم المجلد/ التعيين التسلسلي 0
650 04 - المدخل الاضافى بالموضوع-مصطلح موضوعى
مصطلح موضوعي الاجتماع السياسى
650 04 - المدخل الاضافى بالموضوع-مصطلح موضوعى
مصطلح موضوعي الاجتماع، علم
942 ## - عناصر المدخل الإضافي( كوها)
مصدر التصنيف او مخطط الترفيف Dewey Decimal Classification
Koha [default] item type كتاب
Holdings
حالة التراجع حالة الفقد حالة تلف ليس للاعارة المكان المؤقت الموقع الحالى تاريخ الاكتساب اجمالي اﻻعارات رقم الطلب الباركود تاريخ اخر مشاهدة تاريخ تفعيل السعر نوع وعاء كوها
        مكتبة القاهرة الكبرى مكتبة القاهرة الكبرى 03/26/2014   301.1552\ع د 113016 03/26/2014 03/26/2014 كتاب
        مكتبة القاهرة الكبرى مكتبة القاهرة الكبرى 03/26/2014   301.1552\ع د 113017 03/26/2014 03/26/2014 كتاب
        مكتبة القاهرة الكبرى مكتبة القاهرة الكبرى 03/26/2014   301.1552\ع د 113018 03/26/2014 03/26/2014 كتاب

Powered By

EGPV